000 01338nam a2200277Ia 4500
003 OSt
005 20220930095107.0
006 a|||||r|||| 00| 0
007 ta
008 220926b |||||||| |||| 00| 0 hin d
024 _a71709
037 _cTheses
040 _aCRL
_cCRL
_bhin
041 _2hin
_ahin
100 _aचौधरी, विक्रम सिंह, ले.
_9156325
110 _aदिल्ली विश्वविद्यालय. कला संकाय. इतिहास विभाग
245 0 _aउत्तरी उपरी गंगा मैदान में आजीविका प्रारूपों का एक अध्ययन
_b आद्य - ऐतिहासिक काल से गुप्त काल तक
246 _aUttarī uparī gangā maidān mean ājīvikā prārūpoan kā ek adhyayana: ādya - aitihāsik kāl se gupta kāl taka
260 _c2019
300 _a402पृ0
_ap.
_ccm.
650 _a भारतीय समाज
650 _aभारत-इतिहास
_9156353
700 _aदिल्ली विश्वविद्यालय. कला संकाय. इतिहास विभाग
942 _cDIS
_2CC
999 _c888318
_d888318